| 000 -LEADER |
| fixed length control field |
00642nam a2200217 a 4500 |
| 001 - CONTROL NUMBER |
| control field |
12390 |
| 003 - CONTROL NUMBER IDENTIFIER |
| control field |
BD-DhAAL |
| 005 - DATE AND TIME OF LATEST TRANSACTION |
| control field |
20200302110420.0 |
| 008 - FIXED-LENGTH DATA ELEMENTS--GENERAL INFORMATION |
| fixed length control field |
140710s2006it nyua b 000 0 eng |
| 020 ## - INTERNATIONAL STANDARD BOOK NUMBER |
| International Standard Book Number |
9788876242762 |
| 020 ## - INTERNATIONAL STANDARD BOOK NUMBER |
| International Standard Book Number |
8876242767 |
| 040 ## - CATALOGING SOURCE |
| Original cataloging agency |
BD-DhAAL |
| Transcribing agency |
BD-DhAAL |
| Modifying agency |
BD-DhAAL |
| Language of cataloging |
Eng |
| 082 00 - DEWEY DECIMAL CLASSIFICATION NUMBER |
| Edition number |
23 |
| Classification number |
720.92 GIA |
| 100 ## - MAIN ENTRY--PERSONAL NAME |
| Personal name |
Giaconia, Paola. |
| 245 10 - TITLE STATEMENT |
| Title |
Eric Owen Moss : |
| Remainder of title |
the uncertainty of doing / |
| Statement of responsibility, etc. |
Paola Giaconia. |
| 260 ## - PUBLICATION, DISTRIBUTION, ETC. |
| Place of publication, distribution, etc. |
Italy : |
| Name of publisher, distributor, etc. |
Skira editore, |
| Date of publication, distribution, etc. |
2006. |
| 300 ## - PHYSICAL DESCRIPTION |
| Extent |
225 pages : |
| Other physical details |
illustrations ; |
| Dimensions |
21 cm. |
| 500 ## - GENERAL NOTE |
| General note |
Vol. 2 compiled by Brad Collins. |
| 650 ## - SUBJECT ADDED ENTRY--TOPICAL TERM |
| Topical term or geographic name entry element |
Architecture. |
| Geographic subdivision |
United States. |
| 942 ## - ADDED ENTRY ELEMENTS (KOHA) |
| Source of classification or shelving scheme |
|
| Koha item type |
Book |